000
00208nam a2200109Ia 4500
100
_a
#N/A
942
_c
BK
654
_a
mona beta
245
_a
Mono Beta Release 3
260
_b
#N/A
_c
2004
546
_a
ENGLISH
999
_c
22598
_d
22598